000 02015nam0a2200373 4500
001 RU\NLR\bibl\24518
005 20250615020250.0
010 _a5-7245-1155-Х
_91000
021 _aRU
_b99-8383
_9402
035 _a(NLR Aleph) 000023898
090 _a113347
_c113347
100 _a19990426d1999 |||y0rusy50 ca
101 0 _arus
_deng
102 _aRU
105 _a|||||||||||||
200 1 _aХимико-технологические процессы
_eТеория и эксперимент
_eУчеб. пособие для студентов вузов по спец. "Основные процессы хим. пр-в и хим. кибернетика"
_fЮ.А. Комиссаров, М.Б. Глебов, Л.С. Гордеев, Д.П. Вент
210 _aМ.
_cХимия
_d1999
215 _a358 с.
_cил., портр.
_d21
225 1 _aДля высшей школы
300 _aНа 357-й, 358-й с. авт.: Ю. Комиссаров, М. Глебов, Л. Гордеев, Д. Вент, доктора техн. наук, профессора
_aРез. на англ. яз.
320 _aБиблиогр.: с. 355-356
606 0 _aХимическая технология
_jРуководства, пособия и т.п. для высшей школы
_xМатематические исследования
_92084721
_3RU\NLR\auth\661260815
606 0 _aХимическая технология
_jУчебные издания для высшей школы
_xМатематические исследования
_92084721
_3RU\NLR\auth\661260815
686 _aЛ11я73-1
701 1 _aКомиссаров
_bЮ. А.
_gЮрий Алексеевич
_4070
701 1 _aГлебов
_bМ. Б.
_gМихаил Борисович
_4070
701 1 _aГордеев
_bЛ. С.
_gЛев Сергеевич
_4070
801 0 _aRU
_bNLR
_c19990426
_gPSBO
801 1 _aRU
_bNLR
_c19990426
830 _aАвт. по кн.
852 _aNLR
_j99-3/2451
942 _cBOOK
980 _aNB